| 000 | 00747nam a22002177a 4500 | ||
|---|---|---|---|
| 999 |
_c7069 _d7069 |
||
| 001 | 7069 | ||
| 003 | BD-JhCC | ||
| 005 | 20180204174228.0 | ||
| 008 | 180204s1966 bg |||| |||| 00| 0 ben d | ||
| 035 | _a(BD-JhCC)7069 | ||
| 040 |
_aBD-JhCC _dBD-JhCC |
||
| 041 | _aben | ||
| 082 |
_a370 _bKUD 1966 |
||
| 100 | _aকুদ্দুস, মোহাম্মদ আবদুল | ||
| 245 |
_aশিক্ষানীতির কয়েকটি কথা / _cমোহাম্মদ আবদুল কুদ্দুস |
||
| 260 |
_aকুমিল্লা : _bগোলাম কুদ্দুস, _c১৯৬৬. |
||
| 300 |
_a৩১৮ পৃ. : _c২০ সেমি. |
||
| 490 | _a4th edition | ||
| 650 | _aEducation | ||
| 942 |
_2ddc _cBK |
||